Organización práctica de oficinas / (Record no. 148360)

MARC details
000 -LEADER
campo de control de longitud fija 00594nam a2200181 4500
001 - NÚMERO DE CONTROL
campo de control 148360
003 - IDENTIFICADOR DE NÚMERO DE CONTROL
campo de control ES-MaACL
005 - FECHA Y HORA DE LA ÚLTIMA TRANSACCIÓN
campo de control 20230906202600.0
007 - CAMPO FIJO DE DESCRIPCIÓN FÍSICA--INFORMACIÓN GENERAL
campo de control de longitud fija t|
008 - DATOS DE LONGITUD FIJA--INFORMACIÓN GENERAL
campo de control de longitud fija 070214s1967 sp r ||||1| spa d
100 1# - ENTRADA PRINCIPAL--NOMBRE DE PERSONA
Nombre de persona Stefanic-Allmayer, Karl.
9 (RLIN) 107994
245 10 - MENCIÓN DEL TÍTULO
Título Organización práctica de oficinas /
Mención de responsabilidad, etc. Karl Stefanic-Allmayer, Robert Zeegers ; traducción de P. Casanova de Massot.
260 ## - PUBLICACIÓN, DISTRIBUCIÓN, ETC.
Lugar de publicación, distribución, etc. Madrid :
Nombre del editor, distribuidor, etc. Daimon,
Fecha de publicación, distribución, etc. 1967.
300 ## - DESCRIPCIÓN FÍSICA
Extensión 244 p. :
Otras características físicas il. ;
Dimensiones 19 cm.
700 1# - ENTRADA AGREGADA--NOMBRE PERSONAL
Nombre de persona Zeegers, Robert.
9 (RLIN) 118139
700 1# - ENTRADA AGREGADA--NOMBRE PERSONAL
Nombre de persona Casanova de Massot, P.
9 (RLIN) 36111
852 ## - LOCALIZACIÓN
Ubicación ES-MaACL
Número de control de estantería C-33309
Sublocalización o colección R.64140
Holdings
Estatus retirado Estado de pérdida Estado de daño No para préstamo Biblioteca de origen Biblioteca actual Ubicación en estantería Fecha de adquisición Fuente de adquisición Total de préstamos Signatura topográfica completa Código de barras Visto por última vez Precio de reemplazo Tipo de ítem Koha
        Biblioteca del Ateneo de Madrid Biblioteca del Ateneo de Madrid Depósito 2 17/01/2008     C-33309 1154830 23/02/2023 23/02/2023 Libro impreso